| 000 | 01153nam a2200301Ia 4500 | ||
|---|---|---|---|
| 001 | ebr10279355 | ||
| 003 | CaPaEBR | ||
| 006 | m u | ||
| 007 | cr cn||||||||| | ||
| 008 | 040504r20041998enk sb 001 0 eng d | ||
| 020 | _z0198150784 | ||
| 020 | _z0199271399 (pbk.) | ||
| 020 | _z9780199271399 | ||
| 040 |
_aCaPaEBR _cCaPaEBR |
||
| 035 | _a(OCoLC)646800718 | ||
| 050 | 1 | 4 |
_aDS122 _b.J53 2004eb |
| 245 | 0 | 0 |
_aJews in a Graeco-Roman world _h[electronic resource] / _cedited by Martin Goodman. |
| 260 |
_aOxford : _bOxford University Press, _c2004. |
||
| 300 | _aix, 293 p. | ||
| 504 | _aIncludes bibliographical references and index. | ||
| 533 |
_aElectronic reproduction. _bPalo Alto, Calif. : _cebrary, _d2009. _nAvailable via World Wide Web. _nAccess may be limited to ebrary affiliated libraries. |
||
| 650 | 0 |
_aJews _xCivilization _yTo 70 A.D. |
|
| 650 | 0 |
_aJews _xHistory _y168 B.C.-135 A.D. |
|
| 655 | 7 |
_aElectronic books. _2local |
|
| 700 | 1 |
_aGoodman, Martin, _d1953- |
|
| 710 | 2 | _aebrary, Inc. | |
| 856 | 4 | 0 |
_uhttp://site.ebrary.com/lib/rucke/Doc?id=10279355 _zAn electronic book accessible through the World Wide Web; click to view |
| 999 |
_c3914 _d3914 |
||